Quelques prénoms de filles dans 6 langues étrangères... - Statistiques

Statistiques générales
  • Ce quiz a été pris 52 fois
  • Le résultat moyen est 29 sur 66
Statistiques - réponses
% Correct
Sophie Allemand Sofia | Sophia
89%
Sophie Italien Sophia | Sofia
89%
Sophie Espagnol Chofa | Sofia
87%
Elisabeth Espagnol Isabel
87%
Isabelle Espagnol Isabel
87%
Isabelle Anglais Isabella | Isabel
87%
Sophie Portugais Sofia
87%
Sophie Néerlandais Sofie | Sofia
87%
Sophie Anglais Sophie | Sophia
85%
Jeanne Anglais Jane | Joan
76%
Claire Anglais Clare | Clara
74%
Thérèse Espagnol Teresa
74%
Thérèse Italien Teresa
74%
Thérèse Portugais Teresa
74%
Isabelle Allemand Isabell
72%
Françoise Anglais Frances
70%
Claire Espagnol Clara
67%
Claire Néerlandais Clara
67%
Claire Portugais Clara
67%
Isabelle Portugais Isabela
67%
Elisabeth Allemand Elizabeth
65%
Elisabeth Anglais Elizabeth
65%
Françoise Italien Francesca
65%
Isabelle Italien Isabella
61%
Isabelle Néerlandais Isabella
61%
Thérèse Anglais Theresa
59%
Catherine Portugais Catarina
52%
Elisabeth Néerlandais Elisabeth
52%
Odile Anglais Odile
52%
Madeleine Allemand Magdalena
48%
Madeleine Espagnol Magdalena
48%
Madeleine Néerlandais Magdalena
48%
Brigitte Néerlandais Brigitte
46%
Catherine Italien Caterina
46%
Brigitte Anglais Bridget
39%
Brigitte Allemand Birgit
37%
Catherine Anglais Katherine | Kathleen
37%
Jeanne Portugais Joana
35%
Jeanne Espagnol Juana
35%
Thérèse Allemand Therese
35%
Françoise Espagnol Francisca
33%
Françoise Néerlandais Francisca
33%
Françoise Portugais Francisca
33%
Claire Italien Chiara
28%
Claire Allemand Klara
26%
Jeanne Allemand Johanna
22%
Jeanne Néerlandais Johanna
22%
Catherine Allemand Kathrin | Kathrarina
17%
Jeanne Italien Giovanna
15%
Odile Espagnol Odilia
15%
Odile Italien Odilia
15%
Odile Néerlandais Odilia
15%
Odile Portugais Odilia
15%
Catherine Espagnol Catalina
13%
Elisabeth Italien Elisabetta
11%
Catherine Néerlandais Katrijn | Katleen
9%
Françoise Allemand Franziska
7%
Brigitte Italien Brigida
4%
Brigitte Portugais Brigida
4%
Odile Allemand Ottilie
2%
Brigitte Espagnol Brigith
0%
Elisabeth Portugais Elizabete
0%
Madeleine Italien Maddalena
0%
Madeleine Anglais Madgalene
0%
Madeleine Portugais Magalenha
0%
Thérèse Néerlandais Theresia
0%
Aucun quiz correspondant
Distribution des résultats
% des personnes avec chaque résultat
Percentile par nombre de réponses
Votre historique - résultats
Vous n’avez pas pris ce quiz